000 00777nam a2200217 i 4500
001 140822
003 ES-MaACL
005 20250828004907.0
007 t|
008 070917s1929 fr ||||1| fre d
100 0 _aWells, H. G.,
_d1866-1946
_9116458
245 1 4 _aUn grand éducateur moderne
_b: Sanderson, directeur du College d'Oundle /
_cH. G. Wells ; traduit de l'anglais par M. Burts ; preface de Paul Lapie.
260 _aParis :
_b[s.n.],
_c1929 (
_fPresses Universitaires de France)
300 _a240 p. ;
_c19 cm.
600 1 4 _aSanderson, Frederick William (
_d1857-1922)
_9153741
650 0 7 _aPedagogía
_2embne
_915904
700 1 _aBurts, M.
_932794
700 1 _aLapie, Paul.
_970152
852 _aES-MaACL
_jB-3681
999 _c140822
_d140822